Business analytics: (Record no. 101924)

MARC details
000 -LEADER
fixed length control field 01144nam a22002777a 4500
005 - DATE AND TIME OF LATEST TRANSACTION
control field 20170509105043.0
010 ## - LCCN (DPL NO)
LC control number 1617EN ENG-116963
020 ## - INTERNATIONAL STANDARD BOOK NUMBER
International Standard Book Number 9788131526613
Terms of availability 775.00
035 ## - SYSTEM CONTROL NUMBER
System control number B-653829-838
035 ## - SYSTEM CONTROL NUMBER
System control number EN-100495
035 ## - SYSTEM CONTROL NUMBER
System control number B-665130
037 ## - SOURCE OF ACQUISITION
Source of stock number/acquisition ABC
Stock number DPL
037 ## - SOURCE OF ACQUISITION
Source of stock number/acquisition DBAD/PUB
082 ## - DEWEY DECIMAL CLASSIFICATION NUMBER
Classification number 658.4033
100 ## - MAIN ENTRY--PERSONAL NAME
Personal name Albright, S.Christian
245 ## - TITLE STATEMENT
Title Business analytics:
Statement of responsibility, etc by S.Christian Albright [and] Wayne L.Winston
Remainder of title data analysis and decision making /
250 ## - EDITION STATEMENT
Edition statement 5th ed
260 ## - PUBLICATION, DISTRIBUTION, ETC. (IMPRINT)
Place of publication, distribution, etc Delhi
Name of publisher, distributor, etc Cengage Learning
Date of publication, distribution, etc 2015
270 ## - ADDRESS
Address 418, F.I.E.,patparganj
City Delhi
Postal code 110092
Telephone number 91 11 43641111
Fax number 91 11 43641100
300 ## - PHYSICAL DESCRIPTION
Extent xviii,990p.:
Dimensions 25cm(pbk)
Other physical details ill.
500 ## - GENERAL NOTE
General note includes index
700 ## - ADDED ENTRY--PERSONAL NAME
Personal name Winston, Wayne L.
942 ## - ADDED ENTRY ELEMENTS (KOHA)
Source of classification or shelving scheme Dewey Decimal Classification
Item type English Books
Classification part 658.4033
Call number suffix ALB
Holdings
Withdrawn status Lost status Not for loan Collection code Home library Current library Date acquired Source of acquisition Cost, normal purchase price Full call number Barcode Copy number Cost, replacement price Koha item type
      Non-fiction Ashok Vihar Ashok Vihar 09/05/2017 BPPD/EN/2016-17/AV/16-17/452/15.2.2017/5058/28.2.2017/ 7.3.2017 775.00 658.4033 ALB B-665130 1 775.00 English Books
    Not For Loan Non-fiction D.B.Act.Division Bawana 28/12/2016 DBAD/PUB 725.00 658.4033 ALB EN-100495 1 725.00 English Books
      Non-fiction Bawana Bawana 08/02/2017 BPPD/EN/2016-17/286/24.11.2016/4995/03.12.16/04.01.2017 775.00 658.4033 ALB B-653836 1 775.00 English Books
      Non-fiction Central Library Central Library 08/02/2017 BPPD/EN/2016-17/286/24.11.2016/4995/03.12.16/04.01.2017 775.00 658.4033 ALB B-653829 1 775.00 English Books
      Non-fiction Janak Puri Janak Puri 08/02/2017 BPPD/EN/2016-17/286/24.11.2016/4995/03.12.16/04.01.2017 775.00 658.4033 ALB B-653832 1 775.00 English Books
      Non-fiction Karol Bagh Karol Bagh 08/02/2017 BPPD/EN/2016-17/286/24.11.2016/4995/03.12.16/04.01.2017 775.00 658.4033 ALB B-653834 1 775.00 English Books
      Non-fiction Kasturba Gandhi Marg Kasturba Gandhi Marg 08/02/2017 BPPD/EN/2016-17/286/24.11.2016/4995/03.12.16/04.01.2017 775.00 658.4033 ALB B-653831 1 775.00 English Books
      Non-fiction Narela Narela 08/02/2017 BPPD/EN/2016-17/286/24.11.2016/4995/03.12.16/04.01.2017 775.00 658.4033 ALB B-653835 1 775.00 English Books
      Non-fiction Patel Nagar Patel Nagar 08/02/2017 BPPD/EN/2016-17/286/24.11.2016/4995/03.12.16/04.01.2017 775.00 658.4033 ALB B-653830 1 775.00 English Books
      Non-fiction Sarojini Nagar Sarojini Nagar 08/02/2017 BPPD/EN/2016-17/286/24.11.2016/4995/03.12.16/04.01.2017 775.00 658.4033 ALB B-653833 1 775.00 English Books
      Non-fiction Shahdara Branch Shahdara Branch 08/02/2017 BPPD/EN/2016-17/286/24.11.2016/4995/03.12.16/04.01.2017 775.00 658.4033 ALB B-653837 1 775.00 English Books
      Non-fiction Yojana Vihar Yojana Vihar 08/02/2017 BPPD/EN/2016-17/286/24.11.2016/4995/03.12.16/04.01.2017 775.00 658.4033 ALB B-653838 1 775.00 English Books

© Delhi Public Library
Hit Counter
free hit counter